| 000 | 00601nam a22001697a 4500 | ||
|---|---|---|---|
| 003 | NUST | ||
| 038 | _aNusrat Nadeem | ||
| 082 | _a200 | ||
| 100 |
_aUllah Nimat _9124219 |
||
| 245 |
_aGenomic Investigation of Methicillin-Resistant Staphylococcus aureus Isolates from Pakistan and Development of Multi epitope Vaccine/ _cNimat Ullah |
||
| 264 |
_aIslamabad; _bASAB NUST; _c2022. |
||
| 300 |
_a170,p; _bill; _c30,cm. |
||
| 650 |
_aPhD-Industrial Biotechnology _9123908 |
||
| 700 |
_aSupervisor:Dr.Amjad Ali _9123906 |
||
| 856 | _uhttp://10.250.8.41:8080/xmlui/handle/123456789/30251 | ||
| 942 |
_2ddc _cSC |
||
| 999 |
_c610148 _d610148 |
||